00370nam a2200145Ia 4500008004100000020001500041041001200056082001600068100001600084245005800100260002500158300000800183650001600191700001700207221030s9999 xx 000 0 und d a8176350362 aEnglish a105.23bBea aM. E. Beall 0aAutocad 14 Fundamentalscby M. E. Beall, H. M. Fulmer bTMHaNew Delhic1998 a446 aBE Computer aH. M. Fulmer